A history of preaching. (Record no. 797)
[ view plain ]
| 000 -LEADER | |
|---|---|
| fixed length control field | 01038cam a2200289I 4500 |
| 001 - CONTROL NUMBER | |
| control field | 240545 |
| 003 - CONTROL NUMBER IDENTIFIER | |
| control field | GBCCL |
| 005 - DATE AND TIME OF LATEST TRANSACTION | |
| control field | 20241126110346.0 |
| 008 - FIXED-LENGTH DATA ELEMENTS--GENERAL INFORMATION | |
| fixed length control field | 741028s1968 miu b 000 0 eng d |
| 035 ## - SYSTEM CONTROL NUMBER | |
| System control number | (OCoLC)ocm01058918 |
| 035 ## - SYSTEM CONTROL NUMBER | |
| System control number | (OCoLC)1058918 |
| 040 ## - CATALOGING SOURCE | |
| Original cataloging agency | INT |
| Language of cataloging | eng |
| Transcribing agency | INT |
| Modifying agency | OCLCQ |
| -- | OCLCG |
| -- | OKR |
| -- | CPC |
| -- | OCLCQ |
| 049 ## - | |
| -- | LBBT |
| -- | 1-2 |
| -- | LBBC |
| -- | 1-2 |
| 050 14 - | |
| -- | BV4207 |
| -- | .D32 |
| 082 04 - DEWEY DECIMAL CLASSIFICATION NUMBER | |
| Classification number | 251.009 |
| Item number | DAR |
| 090 ## - LOCALLY ASSIGNED LC-TYPE CALL NUMBER (OCLC); LOCAL CALL NUMBER (RLIN) | |
| Classification number (OCLC) (R) ; Classification number, CALL (RLIN) (NR) | BV4207 |
| Local cutter number (OCLC) ; Book number/undivided call number, CALL (RLIN) | .D32 |
| 100 1# - MAIN ENTRY--PERSONAL NAME | |
| Personal name | Dargan, Edwin Charles, |
| Dates associated with a name | 1852-1930. |
| 9 (RLIN) | 1158 |
| 245 12 - TITLE STATEMENT | |
| Title | A history of preaching. |
| Statement of responsibility, etc. | Introd. by J.B. Weatherspoon. |
| 260 ## - PUBLICATION, DISTRIBUTION, ETC. | |
| Place of publication, distribution, etc. | Grand Rapids, Mich., |
| Name of publisher, distributor, etc. | Baker Book House |
| Date of publication, distribution, etc. | [1968-70] |
| 300 ## - PHYSICAL DESCRIPTION | |
| Extent | 2 v. |
| Dimensions | 22 cm. |
| 490 0# - SERIES STATEMENT | |
| Series statement | Twin brooks series |
| 500 ## - GENERAL NOTE | |
| General note | Reprint of ed. published originally 1905-1912. |
| 504 ## - BIBLIOGRAPHY, ETC. NOTE | |
| Bibliography, etc. note | Includes bibliographical references. |
| 505 0# - FORMATTED CONTENTS NOTE | |
| Formatted contents note | v. 1. From the Apostolic Fathers to the great reformers, A.D. 70-1572.--v. 2. From the close of the Reformation to the end of the nineteenth century, 1572-1900. |
| 650 #0 - SUBJECT ADDED ENTRY--TOPICAL TERM | |
| Topical term or geographic name entry element | Preaching |
| General subdivision | History. |
| 9 (RLIN) | 1159 |
| 942 ## - ADDED ENTRY ELEMENTS (KOHA) | |
| Source of classification or shelving scheme | Dewey Decimal Classification |
| Koha item type | Books |
| Withdrawn status | Lost status | Source of classification or shelving scheme | Damaged status | Not for loan | Home library | Current Library | Shelving location | Date acquired | Total checkouts | Full call number | Barcode | Date last seen | Copy number | Price effective from | Koha item type |
|---|---|---|---|---|---|---|---|---|---|---|---|---|---|---|---|
| Dewey Decimal Classification | GRACE BIBLE COLLEGE | GRACE BIBLE COLLEGE | Ministry & Mission | 2017-03-16 | 251.009 DAR | 007069 | 2025-05-01 | c.1 | 2017-03-16 | Books |